01287nam a2200337Ia 4500001000700000003000500007008004100012010001100053040000900064090001700073100003800090245011100128260004100239300001100280502007600291650003700367650003200404650003500436650003800471650003200509650003400541650002700575901001700602902000600619910000900625942000600634942000600640999001900646952014200665952014200807Z_2102CHAP220113s1996 xx 000 0 und d a165175 cCHAP aTesis Z 1063 aZapata Sánchez, Rosalba9123656 aPlagas y enfermedades de gramíneas y leguminosas forrajeras tropicales /cpor Rosalba Zapata Sánchez aChapingo, Méx. :bEl autor,c1996 a169 h. aTesis (Ing. Agr. Esp. en Zootecnia) -- UACH. Departamento de Zootecnia aGramíneasxEnfermedades950273 aGramíneasxPlagas 950286 aLeguminosas forrajeras 965868 aLeguminosasxEnfermedades 965821 aLeguminosasxPlagas 965844 aPastosx Enfermedades 986024 aPastosxPlagas 986069 aTESIS Z 1063 aM a1996 c2 c2 c165175d165175 00102local4051708TESISaZbZd2005-11-09eEl autorl0oTesis Z37 1063 1996p5101001605r2022-01-18 00:00:00tEj.1w2022-01-18yTESIS 00102local4055708TESISaZbZd2005-11-09eEl autorl0oTesis Z37 1063 1996p5101001606r2022-01-18 00:00:00tEj.2w2022-01-18yTESIS